000 00472nam a2200205Ia 4500
008 170918s9999 xx 000 0 und d
020 _a9780439703970
050 _bH275 2005
100 _aHareas, John
245 _aNBA reader :
245 _bLebron James /
245 _cby John Hareas.
260 _aNew York :
260 _bScholastic,
260 _c2005
300 _a29 pages :
300 _bcolored illustration ;
300 _c23cm.
500 _a1080
999 _c343029
_d343029